Dolmabahce Palace (Record no. 760)
[ view plain ]
| 000 -LEADER | |
|---|---|
| fixed length control field | 00338nam a22001337a 4500 |
| 008 - FIXED-LENGTH DATA ELEMENTS--GENERAL INFORMATION | |
| fixed length control field | 230607b xxu||||| |||| 00| 0 eng d |
| 020 ## - INTERNATIONAL STANDARD BOOK NUMBER | |
| International Standard Book Number | 9756226234 |
| 082 ## - DEWEY DECIMAL CLASSIFICATION NUMBER | |
| Classification number | 728.82 |
| Item number | AKC |
| 100 ## - MAIN ENTRY--PERSONAL NAME | |
| Titles and words associated with a name | Omer Tasdelen, Aydan Gurun |
| 245 ## - TITLE STATEMENT | |
| Title | Dolmabahce Palace |
| 260 ## - PUBLICATION, DISTRIBUTION, ETC. (IMPRINT) | |
| Place of publication, distribution, etc. | Istanbul |
| Name of publisher, distributor, etc. | All rights reserved |
| Date of publication, distribution, etc. | 2005,2008 |
| 300 ## - PHYSICAL DESCRIPTION | |
| Extent | 243p |
| 942 ## - ADDED ENTRY ELEMENTS (KOHA) | |
| Source of classification or shelving scheme | Dewey Decimal Classification |
| Koha item type | Books |
| Withdrawn status | Lost status | Source of classification or shelving scheme | Damaged status | Not for loan | Home library | Current library | Date acquired | Total Checkouts | Full call number | Barcode | Date last seen | Price effective from | Koha item type |
|---|---|---|---|---|---|---|---|---|---|---|---|---|---|
| Dewey Decimal Classification | Bunge Tower Library | Bunge Tower Library | 06/07/2023 | 728.82 AKC | 10015708 | 06/07/2023 | 06/07/2023 | Books | |||||
| Dewey Decimal Classification | Bunge Tower Library | Bunge Tower Library | 06/07/2023 | 728.82 AKC | 10015709 | 06/07/2023 | 06/07/2023 | Books |
